| 000 | 00858cam a22002291 4500 | ||
|---|---|---|---|
| 001 | agr51000505 | ||
| 003 | DLC | ||
| 005 | 20260227111015.0 | ||
| 008 | 721220s1951 xx 000 0 eng | ||
| 010 | _aagr51000505 | ||
| 035 | _a(OCoLC)521917 | ||
| 040 |
_aDLC _cOKentU _dDLC |
||
| 042 | _apremarc | ||
| 050 | 0 | 0 |
_aSB321 _b.C813 |
| 100 | 1 | _aCosper, Lloyd Claggett. | |
| 245 | 1 | 0 |
_aHow to grow vegetables; _bthe complete garden guide to planning, growing, preserving, and storing vegetables, fruits, and berrries, _cby Lloyd C. Cosper and Harry B. Logan. _cPhotos. and drawings by Lynette Arouni. |
| 260 |
_aNew York, _bDuell, Sloan and Pearce _c[1951] |
||
| 300 |
_aviii, 263 p. _billus., maps. _c26 cm. |
||
| 650 | 0 |
_aVegetable gardening _zUnited States. |
|
| 650 | 0 |
_aVegetables _xPreservation. |
|
| 700 | 1 |
_aLogan, Harry Britton, _d1910- _ejoint author. |
|
| 999 |
_c11364 _d11364 |
||